Th-PhD-Screening of candidate coronary artery disease genes in Pakistan population (Record no. 330451)

000 -LEADER
fixed length control field nam a22 7a 4500
003 - CONTROL NUMBER IDENTIFIER
control field ASAB
005 - DATE AND TIME OF LATEST TRANSACTION
control field 20170713135717.0
008 - FIXED-LENGTH DATA ELEMENTS--GENERAL INFORMATION
fixed length control field 170713b xxu||||| |||| 00| 0 eng d
040 ## - CATALOGING SOURCE
Transcribing agency ASAB
082 ## - DEWEY DECIMAL CLASSIFICATION NUMBER
Classification number Thesis 2017 ANC
100 ## - MAIN ENTRY--PERSONAL NAME
Personal name Asma Naseer Cheema
9 (RLIN) 3280
245 ## - TITLE STATEMENT
Title Th-PhD-Screening of candidate coronary artery disease genes in Pakistan population
Statement of responsibility, etc. Asma Naseer Cheema-sup-Dr. Attya Bhatti.
260 ## - PUBLICATION, DISTRIBUTION, ETC.
Place of publication, distribution, etc. Islamabad.
Name of publisher, distributor, etc. Atta Ur Rahman School of Applied Biosciences NUST.
Date of publication, distribution, etc. 2017
300 ## - PHYSICAL DESCRIPTION
Extent 260 P
630 ## - SUBJECT ADDED ENTRY--UNIFORM TITLE
Uniform title Candidate Coronary Artery Disease
9 (RLIN) 3281
942 ## - ADDED ENTRY ELEMENTS (KOHA)
Source of classification or shelving scheme
Koha item type
Holdings
Withdrawn status Lost status Source of classification or shelving scheme Damaged status Not for loan Collection code Permanent Location Current Location Date acquired Total Checkouts Full call number Barcode Date last seen Price effective from Koha item type
            Atta-ur-Rahman School of Applied Biosciences (ASAB) Atta-ur-Rahman School of Applied Biosciences (ASAB) 07/13/2017   Thesis 2017 ANC ASABPHD31 07/13/2017 07/13/2017 Thesis
© 2023 Central Library, National University of Sciences and Technology. All Rights Reserved.